| 000 | 00880nam a22002657a 4500 | ||
|---|---|---|---|
| 999 |
_c130248 _d130248 |
||
| 003 | dpl | ||
| 005 | 20200210151259.0 | ||
| 008 | 180522b xxu||||| |||| 00| 0 eng d | ||
| 010 | _aA-938300, A-938304 | ||
| 020 |
_c40.00 _a8123004257 |
||
| 035 | _aA-938300 | ||
| 037 | _bCen Lib/Ret | ||
| 040 |
_aDPL _bEN _c0 |
||
| 082 |
_a954.15 _bSHA |
||
| 100 |
_aSharma, B. R _917833 |
||
| 245 |
_aHimachal Pradesh / _cby B. R. Sharma |
||
| 260 |
_aNew Delhi _bPublications Division Ministry of Information and Broadcasting Government of India _c1997 |
||
| 270 |
_aSuper Bazar, Connaught Circus _bNew Delhi _e110001 |
||
| 300 |
_a108p. _c21cm(Hb) |
||
| 490 | _aState of Our Union | ||
| 500 | _aIncludes bibliographical references | ||
| 650 |
_aHimachal Pradesh (India) _928702 |
||
| 650 |
_aIndia -- Himachal Pradesh _9109699 |
||
| 942 |
_2ddc _cEN _h954.15 _mSHA |
||